Estadísticas para Países más Poblados que Limitan el Océano Índico

Haz click aquí para tomar la prueba!

Estadísticas generales

  • Esta prueba ha sido tomada 2.014 veces
  • La puntuación promedio es 8 de 10

Estadísticas de respuestas

PoblaciónPaís% Correcto
1,330,780,000India
99%
260,581,000Indonesia
93%
194,516,000Pakistán
89%
161,244,000Bangladés
85%
68,145,000Tailandia
85%
79,605,500Irán
81%
54,363,426Myanmar
77%
55,654,000Sudáfrica
65%
55,155,000Tanzania
64%
91,750,900Egipto
56%

Distribución de puntuación

Porcentaje por número respondido

Porcentaje de gente con cada puntuación

Historial de tus puntuaciones

No has tomado esta prueba